Fritz Lang

Saved in:
Bibliographic Details
Main Author: Moullet, Luc (auteur)
Format: Book
Language:French
Published: París Seghers 1970
Edition:2a. ed
Series:Cinéma D'Aujourd'hui, 9
Subjects:
Tags: Add Tag
No Tags, Be the first to tag this record!

MARC

LEADER 00000nam a2200000 a 4500
001 UCO4979
003 CL-VaPUC
008 000825e19700000FR |||||||||||||||||fre|d
082 0 4 |a 791.4309  |b MOU  |2 21 
100 |a Moullet, Luc  |e auteur  |9 449693 
245 1 0 |a Fritz Lang 
250 |a 2a. ed 
300 |a 168 p 
942 |c BK 
945 |d 20000825 00:00:00  |a crobeson 
260 |a París  |b Seghers  |c 1970 
600 0 |a Lang, Fritz   |d 1890-1976  |e Director de Cine  |9 264960 
650 0 |a Directores de cine  |9 368705 
650 7 |a REALIZADORES CINEMATOGRAFICOS  |2 CL-VaPUC  |9 355120 
650 0 |a Biografías  |9 255210 
583 |a last modification  |c 20000825 00:00:00  |k Rodrigo Vera 
490 0 |a Cinéma D'Aujourd'hui, 9 
999 |c 290937  |d 290935 
952 |0 0  |1 0  |4 0  |6 791_430900000000000_MOU_1970  |7 0  |8 P  |9 340567  |a BIBART  |b BIBART  |d 2019-11-20  |i 1217615  |o 791.4309 MOU 1970  |p 1217615  |r 2025-03-13  |w 2019-11-20  |y BK  |k ART